000 00731nam a2200289Ia 4500
005 20260324141056.0
008 008 260324s9999 xx 000 0 eng d
020 _a9780203059357
037 _aEBOOK
040 _aCRL
040 _beng
040 _cCRL
041 _2eng
041 _aeng
084 _qCRL
100 _aSusan Horowitz
_91206828
245 0 _aQueens of Comedy
245 0 _bLucille Ball, Phyllis Diller, Carol Burnett, Joan Rivers, and the New Generation of Funny Women
260 _bTaylor and Francis
260 _c1997
365 _a
365 _b230
856 _uhttp://www.taylorfrancis.com/books/9780203059357
942 _cEBOOK
999 _c1809528
_d1809528